La España política del siglo XX en fotografías y documentos (Record no. 56076)

MARC details
000 -LEADER
campo de control de longitud fija 00739nam a2200193 i 4500
001 - NÚMERO DE CONTROL
campo de control 56076
003 - IDENTIFICADOR DE NÚMERO DE CONTROL
campo de control ES-MaACL
005 - FECHA Y HORA DE LA ÚLTIMA TRANSACCIÓN
campo de control 20230906163258.0
007 - CAMPO FIJO DE DESCRIPCIÓN FÍSICA--INFORMACIÓN GENERAL
campo de control de longitud fija t|
008 - DATOS DE LONGITUD FIJA--INFORMACIÓN GENERAL
campo de control de longitud fija 031002s1972 sp ||||1| spa d
100 1# - ENTRADA PRINCIPAL--NOMBRE DE PERSONA
Nombre de persona Díaz-Plaja, Fernando,
Fechas asociadas al nombre 1918-2012
9 (RLIN) 44396
245 13 - MENCIÓN DEL TÍTULO
Título La España política del siglo XX en fotografías y documentos
Resto del título : . Tomo Cuarto: Del final de la Guerra Civil al Príncipe Juan Carlos (1939-1969) /
Mención de responsabilidad, etc. por Fernando Díaz-Plaja.
250 ## - MENCION DE EDICION
Mención de edición [1ª ed.].
260 ## - PUBLICACIÓN, DISTRIBUCIÓN, ETC.
Lugar de publicación, distribución, etc. [Barcelona] :
Nombre del editor, distribuidor, etc. Plaza & Janés,
Fecha de publicación, distribución, etc. [1972]
300 ## - DESCRIPCIÓN FÍSICA
Extensión 453 p., 11 lám. :
Otras características físicas il. ;
Dimensiones 25 cm.
740 0# - ENTRADA AGREGADA--TÍTULO RELACIONADO/ANALÍTICO NO CONTROLADO
Título relacionado o analítico no controlado Del final de la Guerra Civil al Príncipe Juan Carlos (1939-1969)
852 ## - LOCALIZACIÓN
Ubicación ES-MaACL
Número de control de estantería C-55168
Sublocalización o colección R.84678
Holdings
Estatus retirado Estado de pérdida Estado de daño No para préstamo Biblioteca de origen Biblioteca actual Ubicación en estantería Fecha de adquisición Fuente de adquisición Total de préstamos Signatura topográfica completa Código de barras Visto por última vez Precio de reemplazo Tipo de ítem Koha
        Biblioteca del Ateneo de Madrid Biblioteca del Ateneo de Madrid Depósito 2 17/01/2008     C-55168 1058901 23/02/2023 23/02/2023 Libro impreso